Očerki istorii Zapadnoj Rusi i Ukrainy

Titel: Očerki istorii Zapadnoj Rusi i Ukrainy / Nikolaj Vasilenko
Verfasser:
Veröffentlicht: Moskva : CENTRPOLIGRAF, 2015
Umfang: 509 pages ; 21 cm
Format: Buch
Sprache: Russisch
Schlagworte:
ISBN: 5227057710 ; 9785227057716
Buchumschlag
X
alg: 40197973
001A    $03004:11-04-17 
001B    $01999:29-04-17 $t11:55:15.000 
001C    $03004:11-04-17 $t14:17:12.000 
001D    $03004:11-04-17 
001U    $0utf8 
001X    $00 
002@    $0Aau 
003@    $0401979733 
004A    $05-227-05771-0 
004A    $A978-5-227-05771-6 
006A    $02016454360 
007A    $0401979733 $aHEB 
007G    $0DE020D4559904E7B105DAC12581100037881E 
009P    $qapplication/pdf $A2 $3Inhaltsverzeichnis $uhttp://scans.hebis.de/HEBCGI/show.pl?40197973_toc.pdf $mV:DE-603;B:DE-Mb50 
010@    $arus 
011@    $a2015 
021A    $a@Očerki istorii Zapadnoj Rusi i Ukrainy $T01 $ULatn $hNikolaj Vasilenko 
021A    $a@Очерки истории Западной Руси и Украины $T01 $UCyrl $hНиколай Василенко 
028A    $#Vasylenko, Mykola Prokopovych $#Василенко, Микола Прокопович $#Vasylenko, Mykola P. $#Vasylenko, M. P. $#Vasylenko, Mykola $#Vasylenko, Mykola Prokopovych $#Vasilenko, Nikolaĭ Prokofʹevich $#Vasilenko, Nikolaj Prokofʹevič $#Wassylenko, Mykola $#Wassylenko, Mykola Prokopowytsch $#Василенко, Николай Прокофьевич $T01 $ULatn $7133658066 $8Vasylenko, Mykola Prokopovyč$Z1866-1935 [Tp1] $9192502190 
028A    $#Vasylenko, Mykola Prokopovych $#Василенко, Микола Прокопович $#Vasylenko, Mykola P. $#Vasylenko, M. P. $#Vasylenko, Mykola $#Vasylenko, Mykola Prokopovych $#Vasilenko, Nikolaĭ Prokofʹevich $#Vasilenko, Nikolaj Prokofʹevič $#Wassylenko, Mykola $#Wassylenko, Mykola Prokopowytsch $#Василенко, Николай Прокофьевич $T01 $UCyrl $7133658066 $8Василенко, Микола Прокопович$Z1866-1935 [Tp1] $9192502190 
033A    $pMoskva $T01 $ULatn $nCENTRPOLIGRAF 
033A    $pМосква $T01 $UCyrl $nЦЕНТРПОЛИГРАФ 
034D    $a509 pages 
034I    $a21 cm 
044K    $RRussland $#Russland (West) $#Westrussland $74431848-0 $8Russland$zWest [Tg1] $9088723410 
044K    $RUkrainische SSR $#Ukraine $#Ukraine $#Украïна $#Ukrainische SSR $#Ukrajina $#Ukraina $#Ukrai͏̈na Ukraine $#Ukraina Ukraine $#Ukrajna $74061496-7 $8Ukraine [Tgz] $9085170801 
045A    $aDK508.67 
046L    $aIn kyrill. Schr., russ. 

lok: 40197973 24

exp: 40197973 24 1 #EPN
201B/01 $027-04-17 $t14:32:26.000 
201C/01 $011-04-17 
201U/01 $0utf8 
203@/01 $0805067116 
208@/01 $a11-04-17 $bz 
209A/01 $a17.01898 $du $f050 $h17 01898 $x00 
209C/01 $a17.01898 K $h17 01898 K 
209G/01 $a73543134 $x00 
220C/01 $ajwa/eng 
247C/01 $8358050-7 Marburg, Bibliothek des Herder-Instituts Marburg $9102600961
LEADER 00000cam a2200000 c 4500
001 401979733
003 DE-603
005 20170429115515.0
007 tu
008 170411s2015 xx |||| | u00||u|rus c
010 |a 2016454360 
020 |a 5227057710 
020 |a 9785227057716 
035 |a (DE-599)HEB401979733 
040 |a DE-603  |b ger  |c DE-603  |d DE-603 
041 |a rus 
050 0 |a DK508.67 
100 1 |6 880-02/Latn  |a Vasylenko, Mykola Prokopovyč  |d 1866-1935  |0 (DE-603)192502190  |0 (DE-588)133658066  |2 gnd 
245 0 0 |6 880-01/Latn  |a Očerki istorii Zapadnoj Rusi i Ukrainy  |c Nikolaj Vasilenko 
264 1 |6 880-03/Latn  |a Moskva  |b CENTRPOLIGRAF  |c 2015 
300 |a 509 pages  |c 21 cm 
546 |a In kyrill. Schr., russ. 
651 7 |a Russland  |0 (DE-588)4431848-0  |0 (DE-603)088723410  |2 gnd 
651 7 |a Ukraine  |0 (DE-588)4061496-7  |0 (DE-603)085170801  |2 gnd 
856 4 2 |m V:DE-603;B:DE-Mb50  |q application/pdf  |u http://scans.hebis.de/HEBCGI/show.pl?40197973_toc.pdf  |3 Inhaltsverzeichnis 
880 1 |6 264-03/Cyrl  |a Москва  |b ЦЕНТРПОЛИГРАФ  |c 2015 
880 0 0 |6 245-01/Cyrl  |a Очерки истории Западной Руси и Украины  |c Николай Василенко 
880 1 |6 100-02/Cyrl  |a Василенко, Микола Прокопович  |d 1866-1935  |0 (DE-603)192502190  |0 (DE-588)133658066  |2 gnd 
924 0 |9 Mb 50  |a (DE-603)805067116  |b DE-Mb50  |c HES  |d c  |g 17.01898